Industrial Pollution / (Record no. 2749)
[ view plain ]
| 000 -LEADER | |
|---|---|
| fixed length control field | 00425cam a2200169ua 4500 |
| 020 ## - INTERNATIONAL STANDARD BOOK NUMBER | |
| ISBN | 81-7556-0033-9 |
| 041 ## - LANGUAGE CODE | |
| Language code of text/sound track or separate title | eng |
| 082 ## - DEWEY DECIMAL CLASSIFICATION NUMBER | |
| Classification number | 628.168 |
| Item number | KUD/IN |
| 100 ## - MAIN ENTRY--AUTHOR NAME | |
| Personal name | Kudesia, V.P . |
| 245 ## - TITLE STATEMENT | |
| Title | Industrial Pollution / |
| 260 ## - PUBLICATION, DISTRIBUTION, ETC. (IMPRINT) | |
| Place of publication | Meerut : |
| Name of publisher | Pragati Prakashan , |
| Year of publication | 1996. |
| 300 ## - PHYSICAL DESCRIPTION | |
| Number of Pages | 432 ; . |
| 942 ## - ADDED ENTRY ELEMENTS (KOHA) | |
| Koha item type | Books |
| Withdrawn status | Lost status | Damaged status | Home library | Current library | Date acquired | Full call number | Accession Number | Koha item type |
|---|---|---|---|---|---|---|---|---|
| KAUAET | KAUAET | 07/04/2012 | 628.168 | 20112 | Books |
